| 000 | 00382nam a2200169Ia 4500 | ||
|---|---|---|---|
| 008 | 210210b1949 xxu||||| |||| 00| 0 eng d | ||
| 041 | _aeng | ||
| 082 | _a425/236 | ||
| 100 | _aPARTRIDGE (Eric) | ||
| 245 | _aWorld of words | ||
| 260 |
_aLondon _bHamish Hamilton _c1949 |
||
| 650 | _aWorld | ||
| 650 | _awords | ||
| 650 | _aof | ||
| 690 | _aEnglish Language | ||
| 906 | _a006012 | ||
| 999 |
_c128991 _d128991 |
||